000 01078nam a2200217Ia 4500
999 _c53052
_d53052
001 20089
003 GE_BSU
005 20221124150012.0
008 181216s1971ge xx |||||||||||||| ||geo||
040 _cGE_BSU
041 _ageo
080 _a821.111-21 შ-56
100 _aშექსპირი, უილიამ
_95542
245 _aტრაგედიები.
_bწ.II. მეფე ლირი /
_cთარგმ. და წინასიტყვაობა ალ. გამყრელიძისა.
264 _aთბილისი :
_bსაბჭ. საქართველო,
_c1987.
300 _a672 გვ.:
_b20 სმ.
440 _aმსოფლიო ლიტერატურის ბიბლიოთეკა : სერია პირველი ტ18
_916044
653 _aტრაგედიები. წ.II. მეფე ლირი
700 _aგამყრელიძე, ალ
_eმთარგმნელი და წინასიტყვაობის ავტორი
_916040
942 _cBK
_2udc